Top 70 Amazon Prime Video Original Series (IMDB) - Statistics

General Stats
  • This quiz has been taken 80 times
    9 since last reset
  • The average score is 4 of 71
Answer Stats
Show Year(s) IMDB % Correct
Invincible 2021-Present 8.7
78%
The Boys 2019-2026 8.6
78%
Reacher 2022-Present 8.0
67%
Fallout 2024-Present 8.3
44%
Tom Clancy's Jack Ryan 2018-2023 8.0
33%
The Man in the High Castle 2015-2019 7.9
22%
Bosch 2014-2021 8.5
11%
Clarkson's Farm 2021-Present 9.0
11%
Good Omens 2019-2026 8.0
11%
Last One Laughing UK 2025-Present 8.0
11%
The Expanse 2019-2022 8.5
11%
The Legend of Vox Machina 2022-Present 8.4
11%
The Terminal List 2022-Present 7.9
11%
99 2024 8.6
0%
All or Nothing: Arsenal 2022 8.2
0%
All or Nothing: A Season with the Arizona Cardinals 2016 8.5
0%
All or Nothing: Manchester City 2018 8.1
0%
All or Nothing: New Zealand All Blacks 2018 8.0
0%
All or Nothing: Tottenham Hotspur 2020 8.0
0%
As We See It 2022 8.1
0%
Banana Fish 2018 8.1
0%
Bandish Bandits 2020-Present 8.6
0%
Bosch: Legacy 2022-2025 8.4
0%
Breathe 2018 8.2
0%
Daisy Jones & the Six 2023 8.1
0%
Farzi 2023-Present 8.3
0%
FC Bayern: Behind the Legend 2021 8.1
0%
Goliath 2016-2021 8.1
0%
Good Girls Revolt 2015-2016 8.1
0%
Gortimer Gibbon's Life on Normal Street 2014-2016 8.3
0%
Hope on the Street 2024 8.7
0%
Hostel Daze 2019-2023 8.5
0%
Inside Edge 2017-Present 7.9
0%
James May: Our Man in... 2020-2024 8.2
0%
Jubilee 2023-Present 8.3
0%
Jury Duty 2023 8.2
0%
Just Add Magic 2015-2019 8.3
0%
Laakhon Mein Ek 2017-2019 8.1
0%
Leverage: Redemption 2021-2025 8.1
0%
Long Strange Trip 2017 8.2
0%
Made in Heaven 2019-Present 8.2
0%
Mirzapur 2018-Present 8.4
0%
Modern Love 2019-2021 7.9
0%
Mozart in the Jungle 2014-2018 8.1
0%
Mumbai Diaries 26/11 2021-Present 8.4
0%
New Bandits 2023-Present 8.6
0%
No One Will Miss Us 2024 8.3
0%
Paatal Lok 2020-Present 8.2
0%
Panchayat 2020-Present 9.0
0%
Pantheon 2023 8.5
0%
Patriot 2015-2018 8.2
0%
Primo 2023 7.9
0%
Red Oaks 2014-2017 7.9
0%
Ripper Street 2014-2016 8.1
0%
Sneaky Pete 2015-2019 8.0
0%
Sprung 2022 8.2
0%
Suzhal - The Vortex 2022-Present 8.1
0%
Take Us Home: Leeds United 2019-2020 8.0
0%
Tatsuki Fujimoto 17-26 2025-Present 8.0
0%
The Family Man 2019-Present 8.7
0%
The Forgotten Army - Azaadi ke Liye 2020 7.9
0%
The Grand Tour 2016-2024 8.7
0%
The Kids in the Hall 2022-Present 8.1
0%
The Last Narc 2020 8.5
0%
The Marvelous Mrs. Maisel 2017-2023 8.6
0%
The Mighty Nein 2025-Present 8.5
0%
The Night Manager 2016, 2026 8.0
0%
The Test: A New Era for Australia's Team 2020-2024 8.8
0%
Undone 2019-2022 8.2
0%
Upload 2020-2025 7.9
0%
Vadhandhi: The Fable of Velonie 2022-Present 8.0
0%
No matching quizzes found
Score Distribution
Percent of People with Each Score
Percentile by Number Answered
Your Score History
You have not taken this quiz since the last reset